Tìm hiểu về truyện trạng Việt Nam
Uloženo v:
| Hlavní autor: | |
|---|---|
| Korporativní autor: | |
| Médium: | Kniha |
| Jazyk: | Vietnamese |
| Vydáno: |
Hà Nội
Sân Khấu
2016
|
| Témata: | |
| Tagy: |
Přidat tag
Žádné tagy, Buďte první, kdo otaguje tento záznam!
|
| Thư viện lưu trữ: | Trung tâm Học liệu Lê Vũ Hùng, Trường Đại học Đồng Tháp |
|---|
| LEADER | 00859aam a22002538a 4500 | ||
|---|---|---|---|
| 001 | 00043823 | ||
| 005 | 20190315150336.0 | ||
| 008 | 120403s2007 ||||||viesd | ||
| 020 | # | # | |c 0 |a 978 604 907 071 6 |
| 041 | 0 | # | |a Vie |
| 082 | 1 | 4 | |a 398.209 597 |b T310H |
| 100 | 1 | # | |a Triều, Nguyên |
| 245 | 1 | 0 | |c Triều Nguyên |a Tìm hiểu về truyện trạng Việt Nam |
| 260 | # | # | |a Hà Nội |b Sân Khấu |c 2016 |
| 300 | # | # | |c 21 cm. |a 567 tr. |
| 500 | # | # | |a ĐTTS ghi : Hội văn nghệ dân gian Việt Nam |
| 653 | # | # | |a Truyện trạng |
| 653 | # | # | |a Tìm hiểu |
| 653 | # | # | |a Việt Nam |
| 653 | # | # | |a Văn học dân gian |
| 710 | # | # | |a Hội văn nghệ dân gian Việt Nam |
| 852 | # | # | |j KD.0025492 |
| 910 | # | # | |d 15/3/2019 |
| 980 | # | # | |a Trung tâm Học liệu Lê Vũ Hùng, Trường Đại học Đồng Tháp |